Movies Quiz

Random Movies or Clickable Quiz

Walt Disney Films By Release Date Quiz Stats

 Plays Quiz not verified by Sporcle

Score 0/56 Timer 10:00
0 Plays Today
% Correct
Snow White And The Seven Dwarfs
51.4%
The Lion King
50%
Pocahontas
47.1%
Mulan
47.1%
Frozen
47.1%
Cinderella
46.4%
The Little Mermaid
44.2%
Hercules
44.2%
The Princess And The Frog
44.2%
Bambi
43.5%
Alice In Wonderland
43.5%
Dumbo
42.8%
Lady And The Tramp
42.8%
Aladdin
42.8%
Moana
42.8%
Sleeping Beauty
42%
The Black Cauldron
42%
Tarzan
42%
The Jungle Book
41.3%
Beauty And The Beast
40.6%
Big Hero 6
40.6%
Peter Pan
39.1%
One Hundred And One Dalmatians
39.1%
Robin Hood
39.1%
The Rescuers Down Under
39.1%
Atlantis: The Lost Empire
39.1%
Tangled
39.1%
The Aristocats
37.7%
% Correct
The Hunchback Of Notre Dame
37.7%
Bolt
37.7%
Zootopia
37.7%
The Fox And The Hound
36.2%
The Sword In The Stone
35.5%
The Great Mouse Detective
35.5%
Brother Bear
35.5%
Wreck-It Ralph
35.5%
The Adventures Of Ichabod And Mr. Toad
34.8%
Lilo & Stitch
34.8%
Oliver & Company
33.3%
Chicken Little
33.3%
Winnie The Pooh
33.3%
Fantasia
31.2%
The Rescuers
30.4%
Dinosaur
30.4%
Treasure Planet
29.7%
Pinocchio
28.3%
Meet The Robinsons
28.3%
Fantasia 2000
27.5%
Home On The Range
27.5%
The Many Adventures Of Winnie The Pooh
26.1%
Fun and Fancy Free
24.6%
The Emperor's New Groove
23.2%
Make Mine Music
21.7%
Melody Time
18.8%
The Three Caballeros
16.7%
Saludos Amigos
15.9%

You're not logged in!

Compare scores with friends on all Sporcle quizzes.
OR
Log In

Sporcle TV

Today on Sporcle TV


Watch our educational content, quiz creation guides, and fun videos on Sporcle TV.

Show Comments

Extras

Top Quizzes Today


Score Distribution

Your Account Isn't Verified!

In order to create a playlist on Sporcle, you need to verify the email address you used during registration. Go to your Sporcle Settings to finish the process.

Report this User

Report this user for behavior that violates our Community Guidelines.

Details: